| 000 | 01710cam a2200337 a 4500 | ||
|---|---|---|---|
| 001 | EDZ0000104756 | ||
| 003 | StDuBDS | ||
| 005 | 20161031105155.0 | ||
| 006 | m||||||||d|||||||| | ||
| 007 | cr ||||||||||| | ||
| 008 | 121017s2010 caua fo| 001|0|eng|d | ||
| 020 |
_a9781446269640 (ebook) : _cNo price |
||
| 040 |
_aStDuBDS _beng _cStDuBDS _epn |
||
| 049 | _aAlfaisal Main Library | ||
| 050 | 0 |
_aRT85.5 _b.D43 2010 |
|
| 082 | 0 | 4 |
_a610.73 _223 |
| 100 | 1 | _aDebnath, Rita. | |
| 245 | 1 | 0 |
_aProfessional skills in nursing _h[electronic resource] : _ba guide for the common foundation programme / _cRita Debnath. |
| 260 |
_aLos Angeles, [Calif.] ; _aLondon : _bSAGE, _c2010. |
||
| 300 |
_a1 online resource (218 p.) : _bill. |
||
| 520 | 8 | _aWhat do I need to learn in order to progress through my course? How do I achieve the best possible patient care? 'Professional Skills for Nurses' answers both of these questions and supports the development of key nursing skills underpinned by theory. Designed specifically to meet the needs of nursing students in the initial stages of training, the book focuses on the essential knowledge and skills needed for effective patient care while at the same time helping students to achieve the NMC outcomes required for entry into branch programmes. | |
| 521 | _aSpecialized. | ||
| 588 | _aDescription based on print version record. | ||
| 504 | _aIncludes bibliographical references and index. | ||
| 650 | 0 | _aNursing. | |
| 655 | 7 |
_aElectronic books. _2local |
|
| 710 | 2 | _aSage eBooks | |
| 776 | 0 | 8 |
_iPrint version : _z9781847873972 |
| 856 | 4 | 0 | _uhttp://ezproxy.alfaisal.edu/login?url=http://sk.sagepub.com/books/professional-skills-in-nursing |
| 942 |
_2lcc _cEBOOKS |
||
| 999 |
_c480955 _d480955 |
||